000
00254nam a2200097Ia 4500
001
761391
005
20250826165206.0
008
250824s9999 xx 000 0 und d
245
0
_a
BİR BALTAYA WHATSAPP OLDUM
_c
MİNE SOTA
260
_b
GENÇ TİMAŞ YAYINLARI
999
_c
761391
_d
761391